Every Song by Glass Animals - Statistics

General Stats
  • This quiz has been taken 138 times
  • The average score is 25 of 45
Answer Stats
Album Song % Correct
Dreamland(2020) Heat Waves
93%
Dreamland(2020) Dreamland
83%
How to Be a Human Being(2016) Pork Soda
77%
ZABA(2014) Gooey
76%
How to Be a Human Being(2016) Youth
75%
How to Be a Human Being(2016) The Other Side of Paradise
74%
How to Be a Human Being(2016) Life Itself
73%
How to Be a Human Being(2016) Take a Slice
73%
How to Be a Human Being(2016) Agnes
71%
Dreamland(2020) Tangerine
69%
How to Be a Human Being(2016) Mama's Gun
68%
How to Be a Human Being(2016) Season 2 Episode 3
68%
Dreamland(2020) Tokyo Drifting
67%
How to Be a Human Being(2016) Poplar St
65%
How to Be a Human Being(2016) [Premade Sandwiches]
64%
Dreamland(2020) Space Ghost Coast to Coast
63%
ZABA(2014) Toes
62%
How to Be a Human Being(2016) Cane Shuga
61%
ZABA(2014) Cocoa Hooves
61%
Leaflings(2012) Cocoa Hooves Part II
61%
Dreamland(2020) Waterfalls Coming Out Your Mouth
61%
ZABA(2014) Black Mambo
60%
Dreamland(2020) Hot Sugar
60%
Dreamland(2020) Helium
58%
ZABA(2014) Pools
54%
Dreamland(2020) Your Love (Déjà Vu)
51%
Dreamland(2020) Domestic Bliss
49%
ZABA(2014) Hazey
49%
Dreamland(2020) It's All So Incredibly Loud
46%
Dreamland(2020) Melon and the Coconut
46%
ZABA(2014) Wyrd
46%
Dreamland(Bonus)(2020) I Don't Wanna Talk (I Just Wanna Dance)
45%
ZABA(2014) Flip
43%
ZABA(2014) Walla Walla
42%
Leaflings(2012) Golden Antlers
40%
ZABA(2014) JDNT
38%
ZABA(2014) Intruxx
37%
ZABA(Bonus)(2014) Exxus
35%
Dreamland(2020) ((Home Movie: 1994))
33%
Leaflings(2012) Dust in Your Pocket
32%
Dreamland(2020) ((Home Movie: Shoes On))
32%
Dreamland(2020) ((Home Movie: Rockets))
31%
Dreamland(2020) ((Home Movie: BTX))
30%
ZABA(Bonus)(2014) Psylla
30%
Glass Animals(2013) Woozy
25%
No matching quizzes found
Score Distribution
Percent of People with Each Score
Percentile by Number Answered
Your Score History
You have not taken this quiz